Tres discursos de Rodrigo Carazo

Сохранить в:
Библиографические подробности
Главный автор: Carazo Odio, Rodrigo
Формат: Неизвестно
Опубликовано: sn.t. :
Предметы:
Метки: Добавить метку
Нет меток, Требуется 1-ая метка записи!

MARC

LEADER 00000 a2200000 04500
001 15449
003
008 991231s d
040 |a CRAI/IIS  |c CRAI/IIS 
090 |a 019002  
100 |a Carazo Odio, Rodrigo  
245 |a Tres discursos de Rodrigo Carazo  
260 |a sn.t. :  
300 |a 16 p.  
650 |a POLITICA  
999 |c 7363  |d 7363